Welcome to CU Library Online Public Access Catalogue (OPAC)

Lexical diversity and language development : (Record no. 9538)

MARC details
000 -LEADER
fixed length control field 00960cam a2200241 a 4500
001 - CONTROL NUMBER
control field 13436587
005 - DATE AND TIME OF LATEST TRANSACTION
control field 20260422172019.0
008 - FIXED-LENGTH DATA ELEMENTS--GENERAL INFORMATION
fixed length control field 031217s2004 enka b 001 0 eng
020 ## - INTERNATIONAL STANDARD BOOK NUMBER
International Standard Book Number 1403902313
020 ## - INTERNATIONAL STANDARD BOOK NUMBER
International Standard Book Number 9781403902313
050 00 - LIBRARY OF CONGRESS CALL NUMBER
Classification number P118
Item number .L438 2004
082 00 - DEWEY DECIMAL CLASSIFICATION NUMBER
Classification number 418/.0071
Edition information 22
245 00 - TITLE STATEMENT
Title Lexical diversity and language development :
Remainder of title quantification and assessment /
Statement of responsibility, etc. David Malvern ... [et al.].
260 ## - PUBLICATION, DISTRIBUTION, ETC.
Place of publication, distribution, etc. Houndmills, Basingstoke, Hampshire ;
-- New York :
Name of publisher, distributor, etc. Palgrave Macmillan,
Date of publication, distribution, etc. 2004.
300 ## - PHYSICAL DESCRIPTION
Extent xvi, 253 p. :
Other physical details ill. ;
Dimensions 23 cm.
650 #0 - SUBJECT ADDED ENTRY--TOPICAL TERM
Topical term or geographic name entry element Language acquisition.
650 #0 - SUBJECT ADDED ENTRY--TOPICAL TERM
Topical term or geographic name entry element Lexicology.
700 1# - ADDED ENTRY--PERSONAL NAME
Personal name Malvern, David.
856 42 - ELECTRONIC LOCATION AND ACCESS
Materials specified Contributor biographical information
Uniform Resource Identifier <a href="http://www.loc.gov/catdir/bios/hol059/2003070656.html">http://www.loc.gov/catdir/bios/hol059/2003070656.html</a>
856 42 - ELECTRONIC LOCATION AND ACCESS
Materials specified Publisher description
Uniform Resource Identifier <a href="http://www.loc.gov/catdir/description/hol053/2003070656.html">http://www.loc.gov/catdir/description/hol053/2003070656.html</a>
856 41 - ELECTRONIC LOCATION AND ACCESS
Materials specified Table of contents
Uniform Resource Identifier <a href="http://www.loc.gov/catdir/toc/hol051/2003070656.html">http://www.loc.gov/catdir/toc/hol051/2003070656.html</a>
942 ## - ADDED ENTRY ELEMENTS (KOHA)
Source of classification or shelving scheme Library of Congress Classification
Koha item type Books
Suppress in OPAC No
999 ## -
-- 9538
-- 9538
Holdings
Withdrawn status Lost status Source of classification or shelving scheme Damaged status Not for loan Collection Home library Current library Shelving location Date acquired Total checkouts Full call number Barcode Date last seen Copy number Price effective from Koha item type
    Library of Congress Classification     Non-fiction Business Library (Miotso) Business Library (Miotso) General stacks 04/22/2026   P118 .L438 2004 BSSM00003610 04/22/2026 1 04/22/2026 Books
    Library of Congress Classification     Non-fiction Business Library (Miotso) Business Library (Miotso) General stacks 04/22/2026   P118 .L438 2004 BSSM00003611 04/22/2026 2 04/22/2026 Books
© 2023-2024 Copyright: Central University Libraries. All Rights Reserved | Created by: Mahone Tech Office